| 000 | 00481nam a2200169Ia 4500 | ||
|---|---|---|---|
| 008 | 220216s9999 xx 000 0 und d | ||
| 100 | _aHeinrich G | ||
| 245 | 0 | _aTheRole of polymer-filler-interphase in reinforcement of elastomers | |
| 260 |
_bKautschuk Gummi Kunststoffe _c2004 |
||
| 300 | _a452-454 | ||
| 650 | _aArrhenius-like temperature behaviour | ||
| 650 | _aBound rubber | ||
| 650 | _aGlassy polymer | ||
| 650 | _aReinforcement | ||
| 700 | _aKluppel H | ||
| 942 | _cJS | ||
| 999 |
_c71304 _d71304 |
||